000 01010aaa a2200361a 44500
008 011129s2001 cat
041 _acat
041 _beng
041 _bfre
041 _bspa
080 _a627.2(038)
110 _aAutoritat Portuària de Barcelona. Servei Lingüístic de Català
_970611
245 _aTerminologia
245 _cAutoritat Portuària de Barcelona. Servei Lingüístic de Català.
260 _a[Barcelona]
260 _bAutoritat Portuària de Barcelona. Servei Lingüístic de Català
260 _c2001
300 _aP. 113-136
_c30 cm
500 _aRemissions
520 _aaprox. 100
522 _aPort de Barcelona
546 _acatalà
592 _aObra terminològica
593 _aSAA
650 _aports
_963764
773 _tManual d'estil del Port de Barcelona
901 _c<2001>
902 _a011129
942 _cPM
_n0
999 _c60914
_d60914